Регионална библиотека "Любен Каравелов" - Русе

Справочник по кораборемонта (Запис номер 129352)

MARC детайли
000 -Лидер
Контролно поле с фиксирана дължина 01638nam a2200361 c 4500
003 - Код на организацията, давaща контролен номер
Контролно поле BLK
005 - Дата и час на последна редакция
Контролно поле 20221213110204.0
008 - Елементи от данни с фиксирана дължина
fixed length control field 180409b bul|||||r ||||||| ||bul||
010 ## - Наследен системен номер
LC control number KNG00135087000
040 ## - Източник на каталожния запис
Идентификатор на билиотеката - собственик на записа BLK
041 ## - Код за език
Код за езика на текст/звукозапис или на отделно заглавие Български
Код за езика КДБФ Български
080 ## - УДК
Текстов определител УДК Водни транспортни средства. Морски транспортни средства. Плавателни съдове. Кораби. Корабостроене
УДК код - определител по УДК 629.5
УДК определител (035)
УДК - код + определител 629.5(035)
100 1# - Редна дума - Автор
Автор Богданов, Георги П.
Авторска отговорност първи автор
R(LIN) 321681
139 ## - Редно поле
Редна дума Богданов, Георги П. и др.
Авторски знак Бог - Б 54
245 10 - Сведения за заглавието
Заглавие Справочник по кораборемонта
Подзаглавни данни Корабни машини и механизми
Редно поле (дума) Георги П. Богданов, Станислав К. Илиев, съавт. Венцислав Г. Монев.
257 ## - Страна на издаване
Страна на създаване/издаване България
260 ## - Област на издателските данни
Място на издаване, разпространение и проч. София
Име на издателя, разпространителя и проч. Техника
Година на издаване 1981
Печатница Ямбол : Г. Димитров
300 ## - Физическа характеристика
Страници 124 с.
Илюстрации и др. с черт., табл.
Размери/Мащаб 20 см
380 ## - Жанр
Жанр Техника
500 ## - Общи забележки
Забележка 1 190 тир.
650 #4 - Допълнително описание по предмет – тема
Основно описание – тема или топоним Кораби - ремонт и поддържане
9 (RLIN) 250335
650 #4 - Допълнително описание по предмет – тема
Основно описание – тема или топоним Корабни машини - ремонт
9 (RLIN) 306654
650 #4 - Допълнително описание по предмет – тема
Основно описание – тема или топоним Корабни механизми - ремонт
9 (RLIN) 306655
653 ## - Ключова дума – ненормативна
Ключова дума кораборемонти
653 ## - Ключова дума – ненормативна
Ключова дума справочници
700 1# - Други автори (авторска отговорност)
Лично име Илиев, Станислав К.
Автороска отговорност (Описва отношението между автора и произведението) съавт.
9 (RLIN) 321682
700 1# - Други автори (авторска отговорност)
Лично име Монев, Венцислав Г.
Автороска отговорност (Описва отношението между автора и произведението) съавт.
9 (RLIN) 321683
852 ## - Местоположение
Форматна сигнатура Цб 110921
856 4# - Електронен адрес и достъп
Електронен формат pdf - файл
Инструкция (цена за достъп) 0.00
Права за достъп disable
856 4# - Електронен адрес и достъп
Електронен формат pdf - файл
Инструкция (цена за достъп) 0.00
Права за достъп disable
999 ## - СИСТЕМНИ КОНТРОЛНИ НОМЕРА
Koha biblionumber 129352
Koha biblioitemnumber 129352
942 ## - АРТИКУЛИ
Вид на библиотечния материал Книги
Скрит в OPAC Не
Периодичен библиозапис Да
944 ## - СЪЗДАВАНЕ И РЕДАКЦИЯ на ЗАПИСА
Създаване/Редакция Създаване
Дата на регистрацията/редакция 16.10.2012
Статус, дата на статуса 16.10.2012 - от С1,Р / 16.10.2012
Служител, извършил регистрацията/редакцията Камелия_Данева
944 ## - СЪЗДАВАНЕ И РЕДАКЦИЯ на ЗАПИСА
Създаване/Редакция Редакция
Дата на регистрацията/редакция 16.10.2012
Статус, дата на статуса 16.10.2012 - от С1,Р / 16.10.2012
999 ## - СИСТЕМНИ КОНТРОЛНИ НОМЕРА
Koha biblioitemnumber 129352
999 ## - СИСТЕМНИ КОНТРОЛНИ НОМЕРА
Koha biblioitemnumber 129352
Наличности
Код за отписване Код за изгубен артикул Източник на класификационната схема Код за повреда Коз за рестрикции Код за отдаване Артикулен № Име на библиотеката - собственик Име на библиотеката, в която се намира в момента Статус (Текущо местоположение) Дата на вписване в системата Местоположение - отдел Цена в лева Инвентарен номер Систематично азбучна сигнатура Баркод Номер на екземпляра Цена в евро Служебна бележка Служебен тип на артикула
  Не е изгубен Universal Decimal Classification Не е повреден само за читалня ползва се в читалня 210134 Регионална библиотека "Любен Каравелов" Русе Регионална библиотека "Любен Каравелов" Русе Хранилище 1981-01-01 Хранилище 0.59 335803 Цб 110921 120000335803 1 0.30 N: стар фонд Дата: 01.01.1981 Книги
Изтеглен Не е изгубен Universal Decimal Classification Не е повреден без рестрикции заемане за дома 210135 Регионална библиотека "Любен Каравелов" Русе Регионална библиотека "Любен Каравелов" Русе Заемна - подръчен фонд 1981-01-01 Заемна - подръчен фонд 0.59 336101 629.5/Б 54 120000336101 2 0.30 N: стар фонд Дата: 01.01.1981 Дата инв: 07.02.2018 Бележки инв: П2018 Книги
Изтеглен Не е изгубен Universal Decimal Classification Не е повреден без рестрикции заемане за дома 210136 Регионална библиотека "Любен Каравелов" Русе Регионална библиотека "Любен Каравелов" Русе Заемна - подръчен фонд 1981-01-01 Заемна - подръчен фонд 0.59 336102 П 629.12/Б 54 336102 3 0.30 N: стар фонд Дата: 01.01.1981 Книги
Vip Innovations Ltd, Rousse, Bulgaria 2025